000 00409nam a22001697a 4500
005 20180810111649.0
008 160611b xxu||||| |||| 00| 0 eng d
020 _a81-7446-213-9
041 _aeng
082 _b6883
_a658.3
100 _aRao, V.S.P
_94749
245 _aHuman Resource Management: Text & Cases
260 _bExcel Books
_c2000
300 _a637p,
650 _aManagement
_9241
942 _cBK
999 _c2397
_d2396